Villes plus peuplées que le 15e arrondissement - Statistiques

Statistiques générales
  • Ce quiz a été pris 45 fois
  • Le résultat moyen est 5 sur 8
Answers on the Grid
Answers color-coded by a green-red scale on the quiz's grid according to % correct below.
Lyon
Toulouse
Nice
Nantes
Montpellier
Strasbourg
Bordeaux
Lille
Rennes
Toulon
Reims
Saint-Etienne
Le Havre
Dijon
Grenoble
Brest
Metz
Caen
 
Statistiques - réponses
Réponse % Correct
Lyon
84%
Bordeaux
78%
Lille
76%
Nice
65%
Strasbourg
62%
Toulouse
62%
Montpellier
57%
Nantes
54%
Aucun quiz correspondant
Distribution des résultats
% des personnes avec chaque résultat
Percentile par nombre de réponses
Votre historique - résultats
Vous n’avez pas pris ce quiz